01469cam a22001938i 4500020001800000041000800018082002200026100003300048245007900081250001500160260004200175300001500217504005100232520088400283546001301167650004401180650003401224650001701258 a9781032259543 aeng00a330.015195bRUS-S1 aRussell, Matthew A.eauthor.10aStatistics in natural resources :bapplications with R /cMatthew Russell. a1 Edition. aFlorida :bTaylor and Francis,c2022. axix, 334p. aIncludes bibliographical references and index. a"To manage our environment sustainably, professionals must understand the quality and quantity of our natural resources. Statistical analysis provides information that supports management decisions and is universally used across scientific disciplines. Statistics in Natural Resources: Applications with R focuses on the application of statistical analyses in the environmental, agricultural, and natural resources disciplines. This is a book well suited for current or aspiring natural resource professionals that are required to analyze data and perform statistical analyses in their daily work. More seasoned professionals that have previously had a course or two in statistics will also find the content familiar. This book can also serve as a bridge between professionals that understand statistics and want to learn how to perform analyses on natural resources data in R"-- aEnglish. 0aNatural resourcesxStatistical methods. 0aR (Computer program language) 0aData mining.